Ek murda sir ki hikayat (Record no. 1433711)

MARC details
000 -LEADER
fixed length control field 00661nam a22002177a 4500
005 - DATE AND TIME OF LATEST TRANSACTION
control field 20250717102146.0
008 - FIXED-LENGTH DATA ELEMENTS--GENERAL INFORMATION
fixed length control field 250717b |||||||| |||| 00| 0 eng d
037 ## - SOURCE OF ACQUISITION
Terms of availability TB
040 ## - CATALOGING SOURCE
Original cataloging agency CRL
Transcribing agency CRL
041 ## - LANGUAGE CODE
Source of code URD
Language code of text/sound track or separate title URD
084 ## - COLON CLASSIFICATION NUMBER
Classification number O168,3NRAx Q1
Item number CRL
100 ## - MAIN ENTRY--PERSONAL NAME
Personal name Sajid Rashid
9 (RLIN) 815822
245 ## - TITLE STATEMENT
Title Ek murda sir ki hikayat
260 ## - PUBLICATION, DISTRIBUTION, ETC.
Place of publication, distribution, etc. Mumbai, India:
Name of publisher, distributor, etc. Kitab Daar,
Date of publication, distribution, etc. 2011.
300 ## - PHYSICAL DESCRIPTION
Extent 223p.
365 ## - TRADE PRICE
Price amount 150.00
Currency code INR
650 ## - SUBJECT ADDED ENTRY--TOPICAL TERM
Topical term or geographic name entry element Urdu Literture
9 (RLIN) 815823
650 ## - SUBJECT ADDED ENTRY--TOPICAL TERM
Topical term or geographic name entry element Urdu Fiction
9 (RLIN) 3298
942 ## - ADDED ENTRY ELEMENTS (KOHA)
Source of classification or shelving scheme Colon Classification (CC)
Koha item type Textbook
Classification part O168,3NRAx Q1
Suppress in OPAC No
Holdings
Withdrawn status Lost status Source of classification or shelving scheme Damaged status Not for loan Home library Current library Date acquired Source of acquisition Cost, normal purchase price Inventory number Total Checkouts Full call number Barcode Date last seen Price effective from Koha item type
    Colon Classification (CC)     Central Library Central Library 2025-07-17 M.R.Publications 150.00 3340 & 28.02.2025   O168,3NRAx Q1 CL1923165 2025-07-17 2025-07-17 Textbook
Copyright @ Delhi University Library System